Subdivision capitals closest to Sankt Pölten (AT) - Statistics

General Stats
  • This quiz has been taken 13 times
  • The average score is 10 of 20
Answer Stats
Distance (km) Answer % Correct
4 110 Bratislava
100%
6 127 Graz
100%
3 100 Linz
100%
1 54 Wien
100%
8 132 Brno
80%
20 202 Klagenfurt
80%
2 78 Eisenstadt
60%
19 197 Salzburg
60%
5 120 České Budějovice
40%
11 160 Győr
40%
15 183 Maribor
40%
16 188 Zlín
40%
9 132 Jihlava
20%
12 176 Murska Sobota
20%
14 183 Nitra
20%
17 193 Slovenj Gradec
20%
7 132 Szombathely
20%
18 194 Trenčín
20%
10 146 Trnava
20%
13 177 Zalaegerszeg
20%
No matching quizzes found
Score Distribution
Percent of People with Each Score
Percentile by Number Answered
Your Score History
You have not taken this quiz